Quizzes
Events
Quiz Creation
Community
Videos
Private Events
Remove Ads
Sign In
Join for FREE
Feedback
Dark Mode
Quiz Categories
Sports
Geography
Music
Movies
Television
Just For Fun
Miscellaneous
History
Literature
Language
Science
Gaming
Entertainment
Religion
Holiday
For Kids
Quiz Lab
Recent
Popular Today
Quiz Kudos Today
Editor Picks
Curator Picks
Quizzes by...
Day
Popularity
Type
Ratings
Length
Year
Community
Subscriptions
Recent Discussions
Orange Saloon
Badges
Playlists
Quests
Create
Leaderboards
Showdown
Live 5
Trivia Bingo
Activity
Puzzle Library
Sporcle Events
Private Events
Virtual Trivia
Globe League
Become a Host
Pub Owners
SporcleCon
Opinionation
Our Games
Videos
Blog
Mobile Apps
Partnerships
Remove Ads and Go Orange
Feedback
Sports
Athletes
MLB
NBA
NHL
NFL
Soccer
Sports Teams
WWE
NCAA
Football
Premier League
Basketball
Baseball
Hockey
Golf
Tennis
Cricket
Rugby
Auto Racing
Olympics
World Cup
Sports
Athletes
MLB
NBA
NHL
NFL
Soccer
Sports Teams
WWE
NCAA
Football
Premier League
Basketball
Baseball
Hockey
Golf
Tennis
Cricket
Rugby
Auto Racing
Olympics
World Cup
Random Quiz
Search Sporcle
×
Quiz Lab
Quiz Lab
Sports
WWE
Click on answers out of a set of options
Click on answers out of a set of options
Multiple Choice
Best Score? Go Orange.
Moyen - Elimination Chamber (WWE) Stats
Moyen - Elimination Chamber (WWE)
By
MattiasCN
20m
10 Questions
1,035 Plays
1,035 Plays
1,035 Plays
Comments
Comments
Give Quiz Kudos
Give Quiz Kudos
-
- Ratings
hide this ad
Forced Order
Questions have to be entered in order without skipping
Questions have to be entered in order without skipping
Random Order
Randomize order of answers
Randomize order of answers
Replay
Link that replays current quiz
Next Quiz
Link to next quiz in quiz playlist
You Got
0%
They Got
Avg Score
45%
Avg Friend Score
Upgrade to see
Score Distribution
Jump to the score distribution portion of the page
Score
0/10
Timer
20:00
0
Plays Today
Question
Answer
Wrong Answers
Avec l'aide de qui, Chris Jericho a-t-il remporté le match de l'Elimination Chamber en 2010 ?
???
73.1%
???
11.5%
???
6.2%
???
8.2%
En quelle année, The Rock a-t-il fait le Main Event ?
???
63%
???
17.6%
???
10.7%
???
7.7%
En quelle année, le titre Intercontinental a-t-il été défendu pour la première fois dans un Elimination Chamber Match ?
???
52.4%
???
23.5%
???
15.6%
???
7.3%
En 2012, quelle était la stipulation du Main Event de la soirée ?
???
48.1%
???
36.5%
???
7.6%
???
7.7%
VRAI ou FAUX : Elimination Chamber ne s'est jamais déroulé deux fois dans un même État.
???
48.1%
???
51%
En 2015, qui Neville a-t-il battu ?
???
45.4%
???
14.4%
???
24.2%
???
16%
En 2017, combien d'équipes y-avaient-il dans le Tag Team Turmoil Match, pour les titres par équipe de SmackDown ?
???
44%
???
25.7%
???
23.1%
???
5.9%
À deux secondes près, en combien de temps Batista a-t-il battu John Cena pour gagner le titre WWE en 2010 ?
???
30.7%
???
18.1%
???
33.7%
???
16.9%
En quelle année, le nombre de spectateurs était le plus faible ?
???
28.7%
???
28.3%
???
19.1%
???
23.6%
Sans compter 2018, combien de fois John Cena a-t-il participé au PPV ?
???
22.3%
???
27.3%
???
26.6%
???
22.7%
Quiz Playlist
Details
Report
Send in Message
Add To Playlist
Multiple Choice:
Click on answers out of a set of options
Forced Order:
Questions have to be entered in order without skipping
Random Order:
Randomize order of answers
Last Updated: Feb 23, 2018
Quiz Scoreboard
CHALLENGE
Sign Up to Join the Scoreboard
Show All
Scores
Hide
Comments
May contain spoilers
Recently Published
9x9 Crossword: Cartoon Network
by jackfrog10
Miscellaneous
3m
College Basketball Coaching Resumes
by pancakes188
Sports
9m
Billboard Blitz: Fleetwood Mac
by CooCooCachoo
Music
15s
More to Explore
Quiz From the Vault
Featured Blog Post
Where Did the Easter Bunny Come From?
hide this ad
You Might Also Like...
Tags
WWE Quiz
Chamber
elimination
Today's Top Quizzes in Sports
Browse Sports
hide this ad
Today's Top Quizzes in WWE
Browse WWE
Top Contributed Quizzes in Sports
1
2022 World Cup Stars
2
Les meilleurs buteurs des matchs entre le PSG et l’OM
3
FIFA Club World Cup Champions
4
Les entraîneurs de l'OM et du PSG au 21e siècle
5
Criteria MLB: Left Handed Sluggers
6
2023 MLB Unique Player Accomplishments
7
AFC Teams Reveal (Wrong Answers Minefield)
8
Players with Multiple 50 Home Run Seasons
9
5-to-1: FBS Animal Nicknames
10
5-to-1: UK Sports Teams
Explore More
Trending Topics
Kpop
Marvel
Disney
Harry Potter
NBA
Anime
Crossword
Puzzle
Pokémon
Song
NFL
Country
The Office
Soccer
WWE
hide this ad
More By:
MattiasCN
Quiz
Plays
Rating
Category
Featured
Created
Débutant - Général (WWE)
3,711
2.00
Sports
Aug 30, 2017
Moyen - Général (WWE)
3,027
1.00
Sports
Aug 30, 2017
Expert - Général (WWE)
2,867
1.00
Sports
Aug 31, 2017
Débutant - Royal Rumble (WWE)
2,485
3.00
Sports
Jan 21, 2018
Débutant - WrestleMania (WWE)
2,267
2.00
Sports
Apr 3, 2018
Go to Creator's Profile
Score Distribution
Quiz Creator Spotlight
MattiasCN
Follow
Send a Message
Quizzes Created
-
Created Quiz Play Count
-
More By This Creator
Popular Quizzes Today
1
Find the US States - No Outlines Minefield
2
Find the Countries of Europe - No Outlines Minefield
3
The Countries of the World
4
Find the US States
5
Risky Map Clicking: Biggest States A-Z
6
US States
7
Popular People in 1961
8
Movies - When Are They Set?
More Sports Quizzes
International Footballers: Seize the Slovakians
Quiz Lab
Trending Quizzes
Risky Map Clicking: Least Populous States A-Z
1-10 Letter G Words
Risky Map Clicking: Next State Alphabetically
Adjectives in 80s TV Shows
Risky Map Clicking: Biggest States A-Z
Recently Updated
Leaping Animals
pecheneg
Reality TV Shows (A-Z)
bhenderson79
Rickey Henderson's Hall of Fame Teammates
pecheneg
Champions League XIs: Arsenal
pecheneg
Quick Pick: Celebrities in WWE's Hall of Fame
aduchscher
A-Z Keypad Blitz II
pecheneg
Multiple Oscar Actors
pecheneg
Mystery Phrase Blitz: Oscar 'Best Actors'
pecheneg
F. Scott Fitzgerald Novels
LTH
Pick 3 Villains
ddd62291
Trending Topics
Anime
Harry Potter
Crossword
NBA
Disney
Kpop
Marvel
Country
Pokémon
NFL
WWE
Soccer
The Office
Puzzle
Song
Your Account Isn't Verified!
In order to create a playlist on Sporcle, you need to verify the email address you used during registration. Go to your
Sporcle Settings
to finish the process.
Report this User
Report this user for behavior that violates our
Community Guidelines
.
Details:
Send Report
Go to the Sporcle.com Mobile Site →
Comments